Missing Word: Things That Fly Quiz Stats

 Plays Quiz Updated Feb 23, 2019

Score 0/20 Timer 04:00
0 Plays Today
Phrase Word % Correct
Rubber _____duck
98.5%
The early _____ catches the worm.bird
96.9%
As blind as a _____.bat
94.9%
A wild _____ chasegoose
94.5%
On _____ ninecloud
93.7%
Komodo _____dragon
92.9%
Watch like a _____hawk
92.7%
A _____ in your bonnetbee
92.3%
Volkswagen _____Beetle
87.5%
_____ in the ointmentFly
87%
Phrase Word % Correct
Cuban _____ CrisisMissile
85.9%
_____ songSwan
83.4%
On a _____ and a prayerwing
81%
Go down like a lead _____balloon
78.2%
Millennium _____Falcon
77.6%
The _____ RunnerKite
75.5%
_____ effectButterfly
69.8%
_____ SamToucan
67.6%
_____ parentHelicopter
64.6%
_____ RaccoonRocket
40.8%

Today's Daily Dose

Missing Word
Banned Books (A-Z)

Word Ladder
Janis Joplin

Get the Picture
Occupations

You're not logged in!

Compare scores with friends on all Sporcle quizzes.
OR
Log In

Sporcle TV

Today on Sporcle TV


Watch our educational content, quiz creation guides, and fun videos on Sporcle TV.

Show Comments

Extras

Top Quizzes Today


Score Distribution

Your Account Isn't Verified!

In order to create a playlist on Sporcle, you need to verify the email address you used during registration. Go to your Sporcle Settings to finish the process.

Report this User

Report this user for behavior that violates our Community Guidelines.

Details: